| 000 | 00000nam##2200000za#4500 |
| 001 | 9.607414 |
| 003 | CaOODSP |
| 005 | 20210624213121 |
| 007 | cr ||||||||||| |
| 008 | 150406|1980||||xxc|||||o f|0| 0 fre|d |
| 040 | |aCaOODSP|bfre |
| 043 | |an-cn--- |
| 086 | 1 |aFs97-14/114-1980F-PDF |
| 110 | 1 |aCanada. |bMinistère des pêches et des océans. |bRégion des Maritimes. |
| 245 | 10|aPerspective d'établissement de la pêche de l'oursin commun (Strongylocentrotus droebachiensis) dans le Fleuve Saint-Laurent / |h[ressource électronique]|cpar D.E. Kramer. |
| 260 | |aVancouver - Colombie Britannique : |bPêches et Océans Canada. |c1980. |
| 300 | |a22p.|bfigures, ill., références, tableaux |
| 490 | 1 |aRapports canadiens à l'industrie sur les sciences halieutiques et aquatiques|vN° 114 |
| 500 | |aFichier reproduit à partir de l'original imprimé. Sur la p. de t. : Gestion des pêches, Région du Pacifique, Vancouver (C.-B.). Le numéro de catalogue et l'ISSN de l'édition imprimée apparaissent dans la version PDF. |
| 546 | |a(Abstract in English.) |
| 590 | |a14-15-Supp|b2014-09-04 |
| 720 | 1 |aKramer, D. E. |
| 830 | #0|aRapports canadiens à l'industrie sur les sciences halieutiques et aquatiques ;|vN° 114|w(CaOODSP)9.501601 |
| 856 | 40|ahttp://publications.gc.ca|qPDF|s363 KB|uhttps://publications.gc.ca/collections/collection_2014/mpo-dfo/Fs97-14-114-1980-fra.pdf|yN° 114 |